00441 2200169 4500001002100000005001500021035002000036245004500056100001800101250001700119300003200136260004600168082000800214084001400222020002200236650001300258INLIS00000000000033320240603090423 a0010-06240000421 aBudidaya Durian Montong /cHeri Nuryanto0 aHeri Nuryanto acetakan ke-1 aiv, 74 hlm :bilus ;c21 cm aJakarta :bDharma Utama Publishing,c2006 a630 a630 HER b a978-979-121-208-2 4aBudidaya